Entorn del valor auxiliar del verb castellà ir amb el participi / Josep Roca i Pons
Descripción Física:
p. 95-105 ; 24 cm
Materias:
Castellà -- Gramàtica
MARC
| LEADER | 00000nam a2200000Ia 4500 | ||
|---|---|---|---|
| 001 | 11429 | ||
| 008 | 160829s1953 - 1954 xx 000 0 cat d | ||
| 080 | |a FU-13-4 | ||
| 100 | |a Roca-Pons, Josep |9 30147 | ||
| 245 | |a Entorn del valor auxiliar del verb castellà ir amb el participi / Josep Roca i Pons | ||
| 260 | |a Barcelona : |b Institut d'Estudis Catalans, |c 1953 - 1954 | ||
| 300 | |a p. 95-105 ; |c 24 cm | ||
| 590 | |a Separata d''Estudis Romànics', IV | ||
| 650 | |a Castellà |x Gramàtica |9 30148 | ||
| 710 | 2 | |a Institut d'Estudis Catalans |9 52284 | |
| 856 | 4 | |u https://media.diba.cat/diba/fitxers/arxiu/fulletons/bib_11429_baixa.pdf |y Accés lliure | |
| 856 | 4 | |u https://media.diba.cat/diba/fitxers/arxiu/fulletons/bib_11429_baixa.pdf |y Accés lliure | |
| 901 | |a Arxiu | ||
| 942 | |n 1 |2 udc | ||
| 952 | |0 0 |1 0 |4 0 |6 FU134 |7 1 |9 45293 |a Arxiu |b Arxiu |d 2016-12-01 |l 0 |o FU-13-4 |p 11429 |r 2016-12-01 00:00:00 |w 2016-12-01 |y ARXIU | ||
| 999 | |c 48367 |d 48367 | ||
| 900 | |a bib_11429_baixa.pdf | ||